000 00913cam a2200241 4500
001 ABS61571
008 000000n1999 000 0 eng u
035 _a(Sirsi) u101903
100 _aFreyne, M.
245 _aTermination of 1954 Act tenancies - some common difficulties
260 _c1999
490 _aRent Review & Lease Renewal
_v(3) September 1999, 147-152(4)
520 _aConsiders the termination of tenancies under the Landlord and Tenant Act 1954, focussing on problems in tenants' use of break clauses and the requirement on the tenant to be in occupation of the premises for business purposes.
590 _aABS
650 _aLANDLORD AND TENANT ACT 1954
650 _aSECURITY OF TENURE
650 _aCOMMERCIAL LEASES
650 _aBREAK CLAUSES
650 _aSERVING NOTICES
650 _aTERMINATION OF TENANCY
690 _aLANDLORD AND TENANT-BUSINESS TENANCIES
942 _n0
999 _c61003
_d61003